KOHA-Header-6

Applied Statistics and Probability for Engineers (Record no. 1153)

000 -LEADER
fixed length control field 00346nam a2200133Ia 4500
008 - FIXED-LENGTH DATA ELEMENTS--GENERAL INFORMATION
fixed length control field 190722s9999 xx 000 0 und d
020 ## - INTERNATIONAL STANDARD BOOK NUMBER
International Standard Book Number 978-81-265-3749-8
100 ## - MAIN ENTRY--PERSONAL NAME
Personal name Douglas C.Montgomery
245 #0 - TITLE STATEMENT
Title Applied Statistics and Probability for Engineers
250 ## - EDITION STATEMENT
Edition statement 5th
260 ## - PUBLICATION, DISTRIBUTION, ETC. (IMPRINT)
Place of publication, distribution, etc Delhi
Name of publisher, distributor, etc John Wiley
Date of publication, distribution, etc 2014
300 ## - PHYSICAL DESCRIPTION
Extent 768
942 ## - ADDED ENTRY ELEMENTS (KOHA)
Koha item type Books
Holdings
Withdrawn status Lost status Damaged status Not for loan Collection code Permanent Location Current Location Shelving location Date acquired Full call number Barcode Date last seen Price effective from Koha item type
        Mathematics MAJU MAJU Shelf No.B31 2019-07-22 519.5 7778 2019-07-22 2019-07-22 Mathematics

Powered by Koha